000 00560nam a2200169 4500
001 122023
003 ES-MaACL
007 t|
008 070214s1981 mx r ||||1| spa d
100 1 _aPostan, Michael M.
_993356
245 1 0 _aEnsayos sobre agricultura y problemas generales de la economía medieval /
_cpor Michael M. Postan ; traducción de Javier Faci Lacasta.
250 _a1ª. ed.
260 _aMéxico :
_bSiglo Veintiuno,
_c1981.
300 _a388 p. ;
_c21 cm.
700 1 _aFaci Lacasta, Javier.
_948597
852 _aES-MaACL
_jL-842
_bR.101432
999 _c122023
_d122023